000 00788pam a2200289 a 4500
003 OSt
005 20140310184527.0
008 890130s1989 nyu j 000 1 eng
010 _a 89004232
020 _a0590419285 :
_c$11.95
040 _aDLC
_cDLC
_dDLC
042 _alcac
050 0 0 _aPZ 7
_b.K8369Rad 2010
100 1 _aKorman, Gordon.
245 1 0 _aRadio fifth grade /
_cGordon Korman.
260 _aNew York :
_bScholastic,
_c2010.
300 _a179 p. ;
_c22 cm.
_bill. ;
521 _aG4
526 _c690
541 _j1
562 _e1
650 1 _aRadio broadcasting
_xFiction.
_930318
650 1 _aBullies
_xFiction.
_930319
650 1 _aSchools
_xFiction.
_930320
906 _a7
_bcbc
_corignew
_d1
_eocip
_f19
_gy-gencatlg
942 _2lcc
_cBK-SCHOLAS
999 _c35148
_d35148